Biblioteca

The church's guide for reading Paul : (Registro nro. 67526)

Detalles MARC
000 -LÍDER
Campo fijo de descripción fija 02551cam a2200337 i 4500
001 - NÚMERO DE CONTROL
Campo de control 768714001
003 - IDENTIFICADOR DEL NÚMERO DE CONTROL
Campo de control CO-MdFUSB
005 - FECHA Y HORA DE LA ULTIMA TRANSACCIÓN
control field 20220407081524.0
007 - CAMPO FIJO DE DESCRIPCIÓN FIJA--INFORMACIÓN GENERAL
Campo fijo de descripción fija ta
008 - ELEMENTOS DE LONGITUD FIJA -- INFORMACIÓN GENERAL
Campo fijo de descripción fija -- Información general 080317t2008 miu b 001 0 eng
020 ## - NÚMERO INTERNACIONAL NORMALIZADO PARA LIBROS
Número Internacional Normalizado del libro 9780802862785
040 ## - FUENTE DE CATALOGACIÓN
Agencia de catalogación original DLC
Idioma de catalogación eng
Agencia que realiza la transcripción CO-MdFUSB
Agencia que realiza la modificación BTCTA
-- BAKER
-- YDXCP
-- C#P
-- BWX
-- CDX
-- VP@
-- LNT
-- GEBAY
-- UKM
-- CUD
-- OCLCQ
-- BDX
-- SGB
-- OCLCA
-- OCLCQ
-- OCLCA
-- OCLCQ
-- CHVBK
-- DEBBG
-- OCLCQ
-- S3O
-- OCLCQ
-- DHA
-- OCLCQ
-- XBE
-- OCLCA
-- OCLCF
-- OCLCO
-- UKMGB
-- OCLCQ
-- OCLCA
-- JRR
Convenciones de la descripción rda
041 ## - CÓDIGO DE IDIOMA
Código de idioma para texto/pista de sonido o título separado eng
082 ## - NÚMERO DE CLASIFICACIÓN DECIMAL DEWEY
Número de la edición del Dewey 23
Número de clasificación 227.012
Clave de autor-Numero de item C537
100 1# - ASIENTO PRINCIPAL--NOMBRE PERSONAL
Nombre personal Childs, Brevard S.
Término relacionador autor
245 14 - TÍTULO
Título del Material The church's guide for reading Paul :
Parte restante del título - Subtitulo the canonical shaping of the Pauline Corpus
Mención de responsabilidad, etc. / Brevard S. Childs.
264 #1 - PRODUCCIÓN, PUBLICACIÓN, DISTRIBUCIÓN, MANUFACTURA, Y COPYRIGHT
Lugar de producción, publicación, distribución, manufactura Grand Rapids, Mich. :
Nombre del productor, publicador, distribuidor Wm. B. Eerdmans Publishing Company,
Fecha de producción, publicación, distribución, manufactura, o copyright [2008]
264 #4 - PRODUCCIÓN, PUBLICACIÓN, DISTRIBUCIÓN, MANUFACTURA, Y COPYRIGHT
Fecha de producción, publicación, distribución, manufactura, o copyright © 2008
300 ## - DESCRIPCIÓN FÍSICA
Extensión 276 páginas ;
Dimensiones 23 cm.
336 ## - TIPO DE CONTENIDO
Término de tipo de contenido texto
Código de tipo de contenido txt
Fuente rdacontent.
337 ## - TIPO DE MEDIO
Nombre del tipo de medio sin mediación
Código del tipo de medio n
Fuente rdamedia.
338 ## - TIPO DE SOPORTE
Nombre del tipo de soporte volumen
Código Tipo de soporte nc
Fuente rdacarrier.
504 ## - NOTA DE BIBLIOGRAFÍA, ETC.
Nota de bibliografía, etc Incluye referencias bibliográficas e índices.
505 ## - NOTA DE CONTENIDO
Nota de contenido con formato preestablecido La búsqueda de la teología de Pablo -- Propuestas alternativas para el problema de la interpretación -- La conformación del corpus paulino -- Sondeos exegéticos : introducción y orientaciones -- El encuadre canónico del corpus paulino -- Implicaciones teológicas del corpus paulino para la interpretación.
520 ## - NOTA DE RESUMEN, ETC.
Nota de sumario, etc. Brevard Childs vuelve aquí su agudo ojo académico a las obras del apóstol Pablo y presenta un argumento inusual: el Nuevo Testamento fue moldeado canónicamente, su formación fue un ejercicio hermenéutico en el que sus apóstoles anónimos y editores posapostólicos recopilaron, preservaron y moldearon teológicamente el material. para que las tradiciones evangélicas sirvan a las sucesivas generaciones de cristianos. Childs sostiene que dentro del Nuevo Testamento el corpus paulino se erige como una unidad respaldada por Romanos y las Epístolas Pastorales. Asigna un papel introductorio a Romanos, examinando cómo pone en contexto las contingencias de las primeras cartas de Pablo sin sacrificar su particularidad. En el otro extremo, las Epístolas Pastorales sirven como una valorización final de Pablo como modelo doctrinal de la iglesia. Al considerar las obras de Paul como un todo, Childs ofrece una forma de obtener una comprensión más completa de las cartas individuales.
563 ## - NOTA DE ENCUADERNACIÓN
Nota de encuadernación Rústico
630 #7 - TITULO UNIFORME
Título uniforme Biblia.
Nombre de parte o sección de la obra Epístolas Paulinas
Subdivisión de materia general Crítica, interpretación, etc.
942 ## - TIPO DE MATERIAL (KOHA)
Tipo de Item KOHA Libros General
945 ## - INFORMACIÓN LOCAL DEL REGISTRO
Catalogador JTF-925
Existencias
Estado de Material Estado de Perdido Forma de Clasificación Estado de Dañado No para Préstamo Colección Biblioteca de Origen Biblioteca Permanente Fecha de Adquisición Área Total de Préstamos Signatura Topográfica Código de Barras Última vez visto Ejemplar/Existencia Fecha de Remplazo Tipo de Material
    Dewey Decimal Classification     Colección General Biblioteca FUSBC Biblioteca FUSBC 24/03/2022 BIBLIA   G 227.012 C537c 21690 24/03/2022 Ej.1 24/03/2022 Libros General

Biblioteca FUSBC | Teléfono: (57+4) 349 88 10 Ext. 141| WhatsApp (+57) 3005338115 
E-mail: biblioteca@unisbc.edu.co | Calle 76 87-14 Robledo Palenque, Medellín, Colombia

Con tecnología Koha